Los problemas nacionales / (Record no. 161393)
[ view plain ]
| 000 -LEADER | |
|---|---|
| fixed length control field | 00769nam a22002177a 4500 |
| 005 - DATE AND TIME OF LATEST TRANSACTION | |
| control field | 20220330080443.0 |
| 008 - FIXED-LENGTH DATA ELEMENTS--GENERAL INFORMATION | |
| fixed length control field | 220330b mx ||||| |||| 00| 0 spa d |
| 050 04 - LIBRARY OF CONGRESS CALL NUMBER | |
| Classification number | HC135 |
| Item number | P66 1971 |
| 110 1# - MAIN ENTRY--CORPORATE NAME | |
| Corporate name or jurisdiction name as entry element | Universidad Nacional Autónoma de México. Facultad de Ciencias Políticas y Sociales |
| 245 04 - TITLE STATEMENT | |
| Title | Los problemas nacionales / |
| Statement of responsibility, etc | Leopoldo Solis M...[et al.]. |
| 250 ## - EDITION STATEMENT | |
| Edition statement | 1a ed. |
| 260 ## - PUBLICATION, DISTRIBUTION, ETC. (IMPRINT) | |
| Place of publication, distribution, etc | México : |
| Name of publisher, distributor, etc | Universidad Nacional Autónoma de México, |
| Date of publication, distribution, etc | 1971 |
| 300 ## - PHYSICAL DESCRIPTION | |
| Extent | 201 p. ; |
| Dimensions | 21 cm. |
| 490 #0 - SERIES STATEMENT | |
| Series statement | Estudios, |
| Volume number/sequential designation | No. 23 |
| 650 #4 - SUBJECT ADDED ENTRY--TOPICAL TERM | |
| Topical term or geographic name as entry element | México |
| General subdivision | Política fiscal |
| 650 #4 - SUBJECT ADDED ENTRY--TOPICAL TERM | |
| Topical term or geographic name as entry element | México |
| General subdivision | Política económica |
| 700 1# - ADDED ENTRY--PERSONAL NAME | |
| Personal name | de Navarrete,Ifigenia M., |
| Relator term | autor |
| 700 1# - ADDED ENTRY--PERSONAL NAME | |
| Personal name | Retchkiman K.,Benjamín, |
| Relator term | autor |
| 700 1# - ADDED ENTRY--PERSONAL NAME | |
| Personal name | Labastida,Horacio, |
| Relator term | autor |
| 942 ## - ADDED ENTRY ELEMENTS (KOHA) | |
| Source of classification or shelving scheme | Biblioteca del Cogreso de los Estados Unidos |
| Koha item type | Libro |
| Estado de pérdida | Fuente de clasificación | Estado del daño | No para préstamo | Ubicación permanente | Ubicación actual | Apartado o colección | Fecha de adquisición | Fuente de adquisición | Edición | Dependencia de educación superior (DES) | Área del conocimiento | Total Checkouts | Clasificación | Código de Barras | Date last seen | Número de copia | Costo por reposición | Tipo de recurso |
|---|---|---|---|---|---|---|---|---|---|---|---|---|---|---|---|---|---|---|
| Biblioteca del Cogreso de los Estados Unidos | Consulta | Biblioteca de la Facultad de Filosofía | Biblioteca de la Facultad de Filosofía | Fondo "Luis Villoro" | 30/03/2022 | Donación | 1a ed. | Humanidades | Educación y Humanidades | HC135 P66 1971 | BFF000036942 | 30/03/2022 | C:1 | 1.00 | Libro |